| Tag |
First Indicator |
Second Indicator |
Subfields |
| LEADER |
00000cam a2200000 i 4500 |
| 001 |
in00000463576 |
| 005 |
20151012163626.0 |
| 008 |
770321s1837 be 00110dfre d |
| 035 |
|
|
|a (OCoLC)02823333
|
| 035 |
|
|
|9 ABZ6674AM
|
| 040 |
|
|
|a TXA
|c TXA
|d UtOrBLW
|
| 049 |
|
|
|a TXAM
|c [1029276]
|
| 090 |
|
|
|a DC146.F57
|b A3 1837
|
| 100 |
1 |
|
|a Fiévée, Joseph,
|d 1767-1839.
|
| 245 |
1 |
0 |
|a Correspondance et relations de J. Fievee avec Bonaparte :
|b premier consul et empereur pendant onze annees (1802 a 1813) /
|c publie par l'auteur.
|
| 264 |
|
1 |
|a Bruxelles :
|b Societe Belge de Librairie,
|c 1837.
|
| 300 |
|
|
|a 3 volumes in 1 ;
|c 16 cm.
|
| 336 |
|
|
|a text
|b txt
|2 rdacontent
|
| 337 |
|
|
|a unmediated
|b n
|2 rdamedia
|
| 338 |
|
|
|a volume
|b nc
|2 rdacarrier
|
| 500 |
|
|
|a Title on spine: Correspondance avec Bonaparte.
|
| 500 |
|
|
|a Includes indexes.
|
| 600 |
0 |
0 |
|a Napoleon
|b I,
|c Emperor of the French,
|d 1769-1821.
|
| 651 |
|
0 |
|a France
|x Politics and government
|y 1799-1815.
|
| 999 |
|
|
|a MARS
|
| 999 |
f |
f |
|s 141ea36b-9caa-3522-a262-e9dcb32ef035
|i 2aadbfe7-ac9e-38b5-8a1b-5bb01c4f9f5a
|t 0
|
| 952 |
f |
f |
|p ric
|a Texas A&M University
|b Rellis Campus
|c Joint Library Facility
|d Remote Storage
|t 0
|e DC146.F57 A3 1837
|h Library of Congress classification
|i unmediated -- volume
|m A14801959568
|
| 998 |
f |
f |
|a DC146.F57 A3 1837
|t 0
|l Remote Storage
|